000 02608cam a2200301 a 4500
005 20171102094518.0
008 080421s2008 ck abd r 100 0 spa d
020 _a9789589830116
040 _aCO-BoPUJ
_cCO-BoIAVH
_dCO-BoIAVH
041 0 _aspa
_beng
044 _ack
082 0 4 _a338.911
_bS35I
111 2 _aSeminario Fronteras en la globalización
_blocalidad, biodiversidad y comercio en la Amazonía
_d(2007 oct. 31-nov. 2
_cLeticia)
245 1 0 _aFronteras en la globalización :
_blocalidad, biodiversidad y comercio en la Amazonia /
_ceditores Carlos G., Zárate Botía y Consuelo Ahumada Beltrán
250 _aPrimera edición
260 _aBogotá (Colombia) :
_bObservatorio Andino :
_bPontificia Universidad Javeriana :
_bFundación Konrad Adenauer,
_c2008.
300 _axii, 226 páginas :
_bilustraciones, cuadros y mapas ;
_c24 cm.
504 _aIncluye referencias bibliográficas.
505 0 _tPatentes y biotecnología molecular en el TLC Colombia-Estados Unidos : una mirada a la Amazonia /
_rAlejandro Chaparro-Giraldo. --
_tWhy climate is dependent of biodiversity /
_rPeter Bunyard. --
_gEl
_tturismo : ¿Una nueva bonanza en la Amazonia? /
_rGermán I. Ochoa. --
_gEl
_tTLC con Estados Unidos : propiedad intelectual y medicamentos /
_rConsuelo Ahumada Beltrán. --
_tTLCAN y pueblos indígenas en México, efectos en la organización y el movimiento campesino /
_rCarlos Uriel del Carpio Penagos. --
_tSurgimiento de sentidos de etnicidad, nacionalidad y trasnacionalidad en la frontera amazónica de Brasil, Perú y Colombia /
_rCarlos G. Zárate Botía. --
_tFrontera, turismo y modernidad en el relato de la globalidad, algunos reflejos en la Amazonia /
_rIsabel Rodríguez y Jorge Aponte. --
_tEspacio, límites y olores : ¿una miraña sin fronteras? /
_rDimitri Karadimas. --
_tDinámicas fronterizas Andino-Amazónica : impactos en la vecindad y en la integración. Una mirada desde Colombia. /
_rSocorro Ramírez. --
_tAmazonía : por una selva urbanizada /
_rBertha K. Becker. --
_tSobre la integración fronteriza amazónica /
_rArmando Ludeña.
546 _aTexto en español y un capítulo en inglés.
650 2 6 _aGlobalización.
_xAspectos económicos
_zAmazonía (Región, Colombia)
650 2 6 _aBiodiversidad
_zAmazonía (Región, Colombia)
650 2 6 _aIntegración economica
_zAmazonía (Región, Colombia)
651 4 _aAmazonía (Región, Colombia)
_xDesarrollo económico
700 1 _aAhumada Beltrán, María Consuelo
_d1954-
_eeditora
700 1 _aZárate-Botía, Carlos Gilberto
_eeditor
942 _2ddc
_cLIBRO
999 _c19944
_d19944